000 00301nam a2200145Ia 4500
100 _aCrosby/ Philip B
942 _cBK
654 _aQuality
245 _aQuality is Free
260 _bMentor Book
_aNew Delhi
_c1980
082 _a658.562
_bCRO
300 _a270
546 _aENGLISH
999 _c22540
_d22540